| 000 | 00000nas##2200000za#4500 |
|---|---|
| 001 | 9.515542 |
| 003 | CaOODSP |
| 005 | 20200325132526 |
| 007 | ta |
| 008 | 150406c2004||||xxc|| m #||||f| |0eng|d |
| 040 | |aCaOODSP|beng |
| 043 | |an-cn--- |
| 086 | 1 |aR34-9E |
| 110 | 1 |aCanada.|bIndian and Northern Affairs Canada. |bNWT Region. |
| 245 | 10|aNWT plain facts on land and self-government |
| 260 | |aYellowknife - Northwest Territories : |bIndian and Northern Affairs. |
| 310 | |aIrregular |
| 563 | |aPamphlet |
| 776 | 0#|tNWT plain facts on land and self-government |w(CaOODSP)9.504487 |